000 01624nam a22002657a 4500
001 9114
003 FISKH
005 20251125101042.0
008 251121b cb ||||| |||| 00| 0 eng d
020 _a9780740760815
040 _aFISKH
_beng
_cFISKH
_dFISKH
050 _aTR729.W54 W95
082 _a599.7975
100 _aCreech, Steve
_eAuthor
245 _aSwimming lessons :
_bNature's mothers-sea lions /
_cFine-art nature photography by Wyland ; Written by Steve Creech
260 _aKansas :
_bWyland Worldwide ,
_c2007
300 _a72 pages :
_bcolor illustrations ;
_c21 cm
505 _aL
520 _a"Wyland is a marine life Michelangelo." --USA Today * Premier marine life artist Wyland--whose galleries are visited by more than five million people each year--offers a photographic tribute to the bond between mother and child. Easily the world's most recognizable and influential marine life artist, Wyland pairs his emotive photography of mother sea lions and their pups with a touching narrative by Steve Creech. * Imparting a warm homage to Mom, Swimming Lessons also provides a greater lesson about the commonalities shared by all momkind. After all, who knew mother sea lions went grocery shopping and gave swimming lessons? * Important numbers: Wyland's mural projects can be found in 70 cities throughout four continents. * There are more than 40 Wyland galleries worldwide. * Notable: Wyland stars in the new Animal Planet show Wyland: A Brush with Giants.
521 8 _a600
_bLexile
521 8 _aL
_bRaz-Plus
650 _aNature
_vPhotography
942 _2ddc
_cBK
_n0
999 _c9114
_d9114